La Série Game of Thrones de A à Z - Statistiques

Statistiques générales
  • Ce quiz a été pris 153 fois
    4 depuis la dernière actualisation
  • Le résultat moyen est 9 sur 24
Statistiques - réponses
Lettre Indice Réponse % Correct
A Deuxième fille de la famille Stark Arya Stark
100%
B Chevalier au service des Targaryens (2 générations) puis des Barathéons Barristan Selmy
100%
C Lieu gardé par les hommes de la garde de nuit Châteaunoir
100%
D Ancien lieutenant puis chef des puînés Daario Naharis
100%
G Son surnom est "la montagne" Gregor Clegane
100%
E Siège du Val d'Arryn Eyrié
67%
F Nom de l'épée en acier valyrien de Brienne de Torth Féale
67%
H Géant servant la famille Stark, plus précisément, Bran Stark Hodor
67%
I Bourreau du roi sous le règne de Joffrey Baratheon Ilyn Payne
33%
J Fidèle serviteur et chevalier de Daenerys Targaryen Jorah Mormont
33%
K Frère de Tywin Lannister, père de Lancel Lannister Kevan Lannister
33%
M Seule fille de Cersei Lannister Myrcella Baratheon
33%
O Prince de Dorne, surnommée la Vipère Rouge Oberyn Martel
33%
P Ecuyer de Tyrion, puis de Brienne de Torth Poddrick Payne
33%
L Siège de Dorne Lancehélion
0%
Q Mestre dont on a retiré la chaîne à cause d'expériences douteuses Qyburn
0%
R Frère ainé de Daenerys Targaryen, marié à Elia Martell Rhaegar Targaryen
0%
S Maître à danser braavien d'Arya Stark à Port-Réal Syrio Forel
0%
T Nain qui a une cicatrice sur le visage suite à la bataille de la Néra Tyrion Lannister
0%
U Scepta qui tortura Cersei Lannister lorsque celle-ci était emprisonnée par le Grand Moineau Unella
0%
V Château ancestrale détenue par la Maison Tully, situé dans le Conflans Vivesaigues
0%
W Siège de la Maison Stark, dans le nord Winterfell
0%
X Le plus riches des treize, il s'auto-proclame roi de Qarth Xaro Xhoan Daxos
0%
Y Sauvageonne dont Jon Snow va tomber amoureux Ygrid
0%
Aucun quiz correspondant
Distribution des résultats
% des personnes avec chaque résultat
Percentile par nombre de réponses
Votre historique - résultats
Vous n’avez pas pris ce quiz depuis la dernière actualisation